000 00818nam a2200277 i 4500
003 DO-SdBNP
005 20240828110242.0
007 ta
008 240828b1966 sp ||||| |||| 00| 0 spa d
020 _a36441
040 _aDO-SdBNP
_bspa
_cBNPHU
_erda
082 4 _222
100 _aMatute, Ana María,
_d1926-
_94724
_eautor
245 1 4 _aLos hijos muertos :
_bnovela /
_cAna María Matute
250 _aCuarta edición
264 1 _aBarcelona, Madrid :
_bEditorial Planeta,
_c1963.
300 _a557 páginas ;
_c22 cm.
336 _2rdacontent
_atexto
_btxt
337 _2rdamedia
_asin mediación
_bn
338 _2rdacarrier
_avolumen
_bnc
586 _aPremio de la Crítica 1958
586 _aPremio Nacional de Literatura 1959
590 _aInventariado, 2024/BT
910 _aBtavárez
942 _2ddc
_cLBS1
999 _c57572
_d57572